| 000 | 00000nam 2200000zi 4500 |
| 001 | 9.940761 |
| 003 | CaOODSP |
| 005 | 20241010131347 |
| 006 | m o d f |
| 007 | cr mn||||||||| |
| 008 | 240719e202408 oncab ob f000 0 eng d |
| 020 | |a9780660728520 |
| 040 | |aCaOODSP|beng|erda|cCaOODSP |
| 043 | |an-cn---|aln----- |
| 045 | |ay1y2 |
| 086 | 1 |aFs70-6/2024-042E-PDF |
| 245 | 00|aTotal fishing mortality affecting porbeagle shark in Atlantic Canadian waters. |
| 264 | 1|a[Ottawa] : |bCanadian Science Advisory Secretariat, |cAugust 2024. |
| 264 | 4|c©2024 |
| 300 | |a1 online resource (15 pages) : |bcolour illustrations, colour map. |
| 336 | |atext|btxt|2rdacontent |
| 337 | |acomputer|bc|2rdamedia |
| 338 | |aonline resource|bcr|2rdacarrier |
| 490 | 1 |aScience advisory report, |x1919-5087 ; |v2024/042 |
| 500 | |aIssued also in French under title: Mortalité totale par pêche du requin-taupe commun dans les eaux canadiennes de l'Atlantique. |
| 500 | |a"Maritimes, Newfoundland and Labrador, Gulf, and Quebec Regions." |
| 504 | |aIncludes bibliographical references (pages 14-15). |
| 650 | 0|aLamna nasus|xMortality|zAtlantic Coast (Canada) |
| 650 | 0|aLamna nasus|xEffect of fishing on|zAtlantic Coast (Canada) |
| 650 | 0|aBycatches (Fisheries)|zAtlantic Coast (Canada) |
| 710 | 2 |aCanadian Science Advisory Secretariat, |eissuing body. |
| 775 | 08|tMortalité totale par pêche du requin-taupe commun dans les eaux canadiennes de l'Atlantique.|w(CaOODSP)9.940763 |
| 830 | #0|aScience advisory report (Canadian Science Advisory Secretariat)|v2024/042.|w(CaOODSP)9.506226 |
| 856 | 40|qPDF|s827 KB|uhttps://publications.gc.ca/collections/collection_2024/mpo-dfo/fs70-6/Fs70-6-2024-042-eng.pdf |